|
|
|
|
| LEADER |
00000nam a2200000Ii 4500 |
| 001 |
DIGANBSCH0006 |
| 003 |
NyNyDIG |
| 006 |
m o d |
| 007 |
cr ||||||||||| |
| 008 |
240103s2015 sp ob 001 0 spa d |
| 035 |
|
|
|a (OCoLC)946787269
|
| 040 |
|
|
|a DGITA
|b eng
|e rda
|e pn
|c DGITA
|
| 020 |
|
|
|a 9788494610332
|q eBook
|
| 020 |
|
|
|a 9788494107696
|q eBook
|
| 020 |
|
|
|z 9788494107689
|
| 041 |
1 |
|
|a spa
|h eng
|
| 050 |
1 |
4 |
|a BJ1005.S6453 ebook
|
| 082 |
0 |
4 |
|a 170
|2 23
|
| 100 |
1 |
|
|a Roberts, Russell D.,
|e author.
|
| 240 |
1 |
0 |
|a How Adam Smith can change your life.
|l Spanish
|s (Alba)
|
| 245 |
1 |
0 |
|a Cómo Adam Smith puede cambiar tu vida /
|c Russ Roberts ; traducción de Félix Alba.
|
| 264 |
|
1 |
|a Barcelona :
|b Antoni Bosch editor,
|c [2015]
|
| 300 |
|
|
|a 1 online resource.
|
| 336 |
|
|
|a text
|b txt
|2 rdacontent
|
| 337 |
|
|
|a computer
|b c
|2 rdamedia
|
| 338 |
|
|
|a online resource
|b cr
|2 rdacarrier
|
| 347 |
|
|
|a text file
|2 rdaft
|
| 347 |
|
|
|b EPUB
|
| 504 |
|
|
|a Includes bibliographical references and index.
|
| 588 |
0 |
|
|a Online resource; title from ePub title page (Digitalia, viewed January 3, 2024)
|
| 600 |
1 |
0 |
|a Smith, Adam,
|d 1723-1790.
|t Theory of moral sentiments.
|
| 650 |
|
0 |
|a Happiness.
|
| 650 |
|
0 |
|a Satisfaction.
|
| 700 |
1 |
|
|a Alba, Félix,
|e translator.
|
| 700 |
1 |
|
|i Translation of:
|a Roberts, Russell D.
|t How Adam Smith can change your life.
|
| 791 |
2 |
|
|a Digitalia (Firm),
|e distributor.
|
| 793 |
0 |
|
|g Digitalia eBook Collection:
|a Antoni Bosch Editor
|
| 776 |
0 |
8 |
|i Print version:
|a Roberts, Russell D.
|s How Adam Smith can change your life. Spanish (Alba).
|t Cómo Adam Smith puede cambiar tu vida.
|d Barcelona : Antoni Bosch editor, [2015]
|z 9788494107689
|
| 856 |
4 |
0 |
|3 Digitalia Hispánica
|u https://www.digitaliapublishing.com/a/84027/
|
| 910 |
|
|
|a Premium collection: 2024
|